000 00577cam a22002411 4500
001 sa 66002634
003 DLC
005 20260227112231.0
008 900103s1963 ii 000 0 hino
010 _asa 66002634
035 _a(OCoLC)20842808
040 _aDLC
_cWaU
_dDLC
042 _apremarc
043 _aa-ii---
050 0 0 _aPK1931
_b.D33
100 1 _aDas, Govinda.
245 1 0 _aHindī-bhāshā-āndolana.
260 _c1963.
300 _a16, 311 p.
_c23 cm.
500 _aIn Hindi.
650 0 _aHindi language
_xHistory.
651 0 _aIndia
_xLanguages.
999 _c68501
_d68501